| 000 | 00385pam a2200169a 44500 | ||
|---|---|---|---|
| 008 | 230405s1998 xxu||||| |||| 00| 0 eng d | ||
| 041 | _aENG | ||
| 100 | _aLouis E Boone | ||
| 245 | _aContemprary Markeing Wired | ||
| 250 | _a1 | ||
| 260 |
_a _bThe Dryden Press _c1998 |
||
| 300 | _a1 32P 28 cms | ||
| 440 | _a2153 | ||
| 690 | _aIMRDA | ||
| 700 | _aDavid L Kurtr | ||
| 906 | _a2281 | ||
| 999 |
_c255140 _d255140 |
||